Extremely Hard General Knowledge #41 - Statistics

General Stats
  • This quiz has been taken 355 times
  • The average score is 3 of 20
Answer Stats
Hint Answer % Correct
How many ribs are in the human body? 32
50%
What is the French translation of the organisation 'Doctors Without Borders'? Médecins Sans Frontières
45%
Which mythical animal in North American folklore is described as a rabbit with horns? Jackalope
32%
Which British-Irish author has the birthname David Cornwell and works include 'The Night Manager' and 'Tinker Tailor Soldier Spy'? John Le Carre
31%
Who was the British Prime Minister from 1970 to 1974, being preceded and succeeded by Harold Wilson? Edward Heath
28%
Cauliflower, Fried Egg, and Lion's Mane are all varieties of which animal? Jellyfish
23%
What is the name of the motorway that connects the Scottish cities of Glasgow and Edinburgh? M8
19%
Mary Poppins (1964) was based on the 1934 novel of the same name by which Australian-British author? P. L. Travers
19%
In which year did Costa Rica become the first country to abolish their military? 1949
16%
Who was the winning quarterback for the Green Bay Packers at the first two Super Bowls in 1966 and 1967? Bart Starr
16%
Which major port in Suffolk deals with almost half of the UK's container trade? Felixstowe
16%
Published in 1956-58, what was the name of a four-volume history of Britain and its former colonies written by Winston Churchill? A History of the {English-Speaking Peoples}
10%
Which Olympic nation had the most gold medals per capita at the Tokyo 2020 Olympics? Bermuda
7%
What is the name of the famous ice skeleton toboggan track in St. Moritz, Switzerland that is just over 3/4ths of a mile? Cresta Run
6%
In 2007 who became the first female home secretary of the United Kingdom? Jacqui Smith
6%
Who defeated Evander Holyfield in 1994 to become the first-ever southpaw heavyweight champion in boxing? Michael Moorer
3%
What name is given to the highest award any animal can receive while serving in the military? PDSA {Dickin} Medal
3%
Which 1950s song by Frankie Laine holds the record for the most (18) non-consecutive weeks as UK Number One? I Believe
2%
Which Chilean wine region is the closest to the capital city of Santiago? {Maipo} Valley
2%
Which American film editor has won 3 Film Editing Oscars for Raiders of the Lost Ark (1981), Schindler's List (1993) and Saving Private Ryan (1998)? Michael Kahn
1%
No matching quizzes found
Score Distribution
Percent of People with Each Score
Percentile by Number Answered
Your Score History
You have not taken this quiz